Ensiklopedia Dunia Olah Raga

Bibliographic Details
Main Author: Cs, Rud Midgley
Format: Book
Published: Semarang : Dahara Prize , 1989
Subjects:

MARC

LEADER 00000cam a2200000 7i4500
001 0000115708
005 20151118.0
008 151117 bm
090 0 0 |a 796.03 MID 
100 1 |a Cs, Rud Midgley 
245 1 0 |a Ensiklopedia Dunia Olah Raga   |c Rud Midgley, Cs 
260 |a Semarang :   |b Dahara Prize ,   |c 1989 
300 |a 370p :   |b ill. ;   |c 29cm. 
650 0 0 |a Recreational & perfoming arts 
999 |a 0000337982   |b Buku   |c Rujukan   |e Perpustakaan Cawangan Jasin